000 00510nam a2200193Ia 4500
008 131103s9999 xx 000 0 und d
020 _a816704651
040 _aLoreto College
041 _aEnglish
082 _aF/MON
_bLCBED/11348
100 _aMontgomery, L. M.
245 _aAnne of green gables
_cL. M. Montgomery
260 _aNew York
_bA watermill classic
_c1985
300 _a350p.
_c 18cm.
650 _aEnglish Fiction
651 _aEnglish literature
850 _aLCBED/F/MON
942 _cBK
999 _c32715
_d83194